<?xml version="1.0" encoding="UTF-8"?>
<record
    xmlns:xsi="http://www.w3.org/2001/XMLSchema-instance"
    xsi:schemaLocation="http://www.loc.gov/MARC21/slim http://www.loc.gov/standards/marcxml/schema/MARC21slim.xsd"
    xmlns="http://www.loc.gov/MARC21/slim">

  <leader>02437cam a2200541 i 4500</leader>
  <controlfield tag="001">xx004880015</controlfield>
  <controlfield tag="003">NUKAT</controlfield>
  <controlfield tag="005">20260429125404.0</controlfield>
  <controlfield tag="008">200608s2020    pl a         |001 0 pol c</controlfield>
  <datafield tag="020" ind1=" " ind2=" ">
    <subfield code="a">9788380988743</subfield>
    <subfield code="q">(oprawa twarda) :</subfield>
    <subfield code="c">z&#x142; 30,00</subfield>
  </datafield>
  <datafield tag="035" ind1=" " ind2=" ">
    <subfield code="a">(OCoLC)1413926225</subfield>
  </datafield>
  <datafield tag="035" ind1=" " ind2=" ">
    <subfield code="a">(NUKAT)xx004880015</subfield>
  </datafield>
  <datafield tag="040" ind1=" " ind2=" ">
    <subfield code="a">KAT U/JP</subfield>
    <subfield code="b">pol</subfield>
    <subfield code="e">rda</subfield>
    <subfield code="c">KAT U/JPs</subfield>
    <subfield code="d">KAT U/JP</subfield>
    <subfield code="d">POZN U/EMs</subfield>
    <subfield code="d">WA 14/PTs</subfield>
    <subfield code="d">OLSZT 008/bak</subfield>
  </datafield>
  <datafield tag="045" ind1="2" ind2=" ">
    <subfield code="b">d1945</subfield>
    <subfield code="b">d1947</subfield>
  </datafield>
  <datafield tag="046" ind1=" " ind2=" ">
    <subfield code="k">2020</subfield>
  </datafield>
  <datafield tag="100" ind1="1" ind2=" ">
    <subfield code="a">Ocha&#x142;, Artur.</subfield>
    <subfield code="e">Autor</subfield>
    <subfield code="9">37321</subfield>
  </datafield>
  <datafield tag="245" ind1="1" ind2="0">
    <subfield code="a">Tajemnice stra&#x17C;nicy WOP w Konarach (1945-1947) :</subfield>
    <subfield code="b">szabrownictwo, dezercje, morderstwa /</subfield>
    <subfield code="c">Artur Ocha&#x142;.</subfield>
  </datafield>
  <datafield tag="260" ind1=" " ind2=" ">
    <subfield code="a">Szczecin ;</subfield>
    <subfield code="a">Warszawa :</subfield>
    <subfield code="b">Instytut Pami&#x119;ci Narodowej - Komisja &#x15A;cigania Zbrodni przeciwko Narodowi Polskiemu. Oddzia&#x142; w Szczecinie,</subfield>
    <subfield code="c">2020.</subfield>
  </datafield>
  <datafield tag="300" ind1=" " ind2=" ">
    <subfield code="a">222 strony :</subfield>
    <subfield code="b">ilustracje (w tym kolorowe) ;</subfield>
    <subfield code="c">25 cm.</subfield>
  </datafield>
  <datafield tag="336" ind1=" " ind2=" ">
    <subfield code="a">Tekst</subfield>
    <subfield code="b">txt</subfield>
    <subfield code="2">rdacontent</subfield>
  </datafield>
  <datafield tag="337" ind1=" " ind2=" ">
    <subfield code="a">Bez urz&#x105;dzenia po&#x15B;rednicz&#x105;cego</subfield>
    <subfield code="b">n</subfield>
    <subfield code="2">rdamedia</subfield>
  </datafield>
  <datafield tag="338" ind1=" " ind2=" ">
    <subfield code="a">Wolumin</subfield>
    <subfield code="b">nc</subfield>
    <subfield code="2">rdacarrier</subfield>
  </datafield>
  <datafield tag="380" ind1=" " ind2=" ">
    <subfield code="a">Ksi&#x105;&#x17C;ki</subfield>
  </datafield>
  <datafield tag="380" ind1=" " ind2=" ">
    <subfield code="a">Publikacje naukowe</subfield>
  </datafield>
  <datafield tag="388" ind1="1" ind2=" ">
    <subfield code="a">2001-</subfield>
  </datafield>
  <datafield tag="490" ind1="1" ind2=" ">
    <subfield code="a">Centralny Projekt Badawczy IPN Wojsko Polskie w Strukturach Pa&#x144;stwa w XX Wieku</subfield>
  </datafield>
  <datafield tag="504" ind1=" " ind2=" ">
    <subfield code="a">Bibliografia na stronach 203-207. Indeksy.</subfield>
  </datafield>
  <datafield tag="536" ind1=" " ind2=" ">
    <subfield code="a">Publikacja powsta&#x142;a w ramach Centralnego Projektu Badawczego Instytutu Pami&#x119;ci Narodowej "Wojsko Polskie w strukturach pa&#x144;stwa w XX wieku"</subfield>
  </datafield>
  <datafield tag="600" ind1="1" ind2="7">
    <subfield code="a">Kajda, Jan</subfield>
    <subfield code="d">(1916-2000)</subfield>
    <subfield code="2">DBN</subfield>
    <subfield code="9">40870</subfield>
  </datafield>
  <datafield tag="610" ind1="2" ind2="7">
    <subfield code="a">Wojska Ochrony Pogranicza</subfield>
    <subfield code="2">DBN</subfield>
    <subfield code="9">40871</subfield>
  </datafield>
  <datafield tag="610" ind1="1" ind2="7">
    <subfield code="a">Polska.</subfield>
    <subfield code="b">Wojska Ochrony Pogranicza</subfield>
    <subfield code="y">1945-1970.</subfield>
    <subfield code="2">kaba</subfield>
    <subfield code="9">40872</subfield>
  </datafield>
  <datafield tag="610" ind1="1" ind2="7">
    <subfield code="a">Polska.</subfield>
    <subfield code="b">Wojska Ochrony Pogranicza.</subfield>
    <subfield code="b">244 Stra&#x17C;nica.</subfield>
    <subfield code="2">kaba</subfield>
    <subfield code="9">40873</subfield>
  </datafield>
  <datafield tag="648" ind1=" " ind2="7">
    <subfield code="a">1901-2000</subfield>
    <subfield code="2">DBN</subfield>
    <subfield code="9">34996</subfield>
  </datafield>
  <datafield tag="648" ind1=" " ind2="7">
    <subfield code="a">1945-1989</subfield>
    <subfield code="2">DBN</subfield>
    <subfield code="9">36043</subfield>
  </datafield>
  <datafield tag="650" ind1=" " ind2="7">
    <subfield code="a">Dezercja</subfield>
    <subfield code="2">DBN</subfield>
    <subfield code="9">40874</subfield>
  </datafield>
  <datafield tag="650" ind1=" " ind2="7">
    <subfield code="a">Szabrownictwo</subfield>
    <subfield code="2">DBN</subfield>
    <subfield code="9">40875</subfield>
  </datafield>
  <datafield tag="650" ind1=" " ind2="7">
    <subfield code="a">Zab&#xF3;jstwo</subfield>
    <subfield code="2">DBN</subfield>
    <subfield code="9">35886</subfield>
  </datafield>
  <datafield tag="650" ind1=" " ind2="7">
    <subfield code="a">Dezercja</subfield>
    <subfield code="z">Polska</subfield>
    <subfield code="y">1945-1970.</subfield>
    <subfield code="2">kaba</subfield>
    <subfield code="9">40876</subfield>
  </datafield>
  <datafield tag="651" ind1=" " ind2="7">
    <subfield code="a">Polska</subfield>
    <subfield code="2">DBN</subfield>
    <subfield code="9">35076</subfield>
  </datafield>
  <datafield tag="651" ind1=" " ind2="7">
    <subfield code="a">&#x15A;wierki (woj. dolno&#x15B;l&#x105;skie, pow. k&#x142;odzki, gm. Nowa Ruda)</subfield>
    <subfield code="2">DBN</subfield>
    <subfield code="9">40877</subfield>
  </datafield>
  <datafield tag="655" ind1=" " ind2="7">
    <subfield code="a">Opracowanie</subfield>
    <subfield code="2">DBN</subfield>
    <subfield code="9">35024</subfield>
  </datafield>
  <datafield tag="658" ind1=" " ind2=" ">
    <subfield code="a">Bezpiecze&#x144;stwo i wojskowo&#x15B;&#x107;</subfield>
  </datafield>
  <datafield tag="658" ind1=" " ind2=" ">
    <subfield code="a">Historia</subfield>
  </datafield>
  <datafield tag="710" ind1="2" ind2=" ">
    <subfield code="a">Instytut Pami&#x119;ci Narodowej - Komisja &#x15A;cigania Zbrodni przeciwko Narodowi Polskiemu.</subfield>
    <subfield code="b">Oddzia&#x142; (Szczecin).</subfield>
    <subfield code="e">Wydawca</subfield>
    <subfield code="4">pbl</subfield>
    <subfield code="9">14486</subfield>
  </datafield>
  <datafield tag="830" ind1=" " ind2="0">
    <subfield code="a">Wojsko Polskie w Strukturach Pa&#x144;stwa w XX Wieku</subfield>
    <subfield code="9">39460</subfield>
  </datafield>
  <datafield tag="920" ind1=" " ind2=" ">
    <subfield code="a">978-83-8098-874-3 (oprawa twarda) : z&#x142; 30,00</subfield>
  </datafield>
  <datafield tag="942" ind1=" " ind2=" ">
    <subfield code="2">ddc</subfield>
    <subfield code="c">BK_NM</subfield>
  </datafield>
  <datafield tag="999" ind1=" " ind2=" ">
    <subfield code="c">27867</subfield>
    <subfield code="d">27867</subfield>
  </datafield>
  <datafield tag="952" ind1=" " ind2=" ">
    <subfield code="0">0</subfield>
    <subfield code="1">0</subfield>
    <subfield code="2">ddc</subfield>
    <subfield code="4">0</subfield>
    <subfield code="7">0</subfield>
    <subfield code="8">K_mag</subfield>
    <subfield code="a">BIP</subfield>
    <subfield code="b">BIP</subfield>
    <subfield code="d">2020-11-30</subfield>
    <subfield code="e">D-36/2020</subfield>
    <subfield code="f">D</subfield>
    <subfield code="g">30.00</subfield>
    <subfield code="i">59970</subfield>
    <subfield code="l">0</subfield>
    <subfield code="o">59970</subfield>
    <subfield code="p">IPWK24074</subfield>
    <subfield code="r">2026-04-29 12:54:52</subfield>
    <subfield code="w">2026-04-29</subfield>
    <subfield code="y">BK_NM</subfield>
  </datafield>
</record>
